Leader xxxxxxxxxx
001 __ PCLIS00053468
005 __ 20210623140204.0
010 0_ |a978-986-93192-4-9|b平裝|dNT$380
042 __ |anbim
100 __ |a20191030g20162020de y0chiy09 e
101 0_ |achi
102 __ |atw
105 __ |ay z 000ay
200 1_ |a仙靈傳奇|h壹|i詩魂|f陳郁如文
205 __ |a第一版
210 __ |a臺北市|c親子天下|d2016[民105]
215 0_ |a383面|d21公分
225 12 |a少年天下系列|v31
300 __ |a詩魂詩作賞析題林彥佑著
327 0_ |a詩魂--詩魂前傳: 採蓮女--詩魂詩作賞析
333 __ |a國小高年級以上
517 1_ |a詩魂|zchi
700 _1 |a陳|b郁如|4文
681 __ |a857.7|b8756 v.1
801 _0 |atw|bLibDipper|c20191030|gCCR
801 _0 |atw|b內湖高中|c20191105|gCCR
801 _2 |atw|b內湖高中|c20210623|gCCR
|